[Event "Voronezh op-B 22nd"]
[Site "Voronezh"]
[Date "2018.06.17"]
[Round "6"]
[White "Cherniavskaya, Klara"]
[Black "Pogorelov, Aleksey"]
[Result "0-1"]
[WhiteElo "1357"]
[BlackElo "1569"]
[PlyCount "60"]
[EventDate "2018.06.12"]
[EventType "swiss"]
[EventRounds "9"]
[EventCountry "RUS"]
[SourceTitle "CBM 185 Extra"]
[Source "ChessBase"]
[SourceDate "2018.07.29"]
[SourceVersion "1"]
[SourceVersionDate "2018.07.29"]
[SourceQuality "1"]

1. e4 e5 2. g3 Nf6 3. Bg2 Bc5 4. h3 d6 5. d3 h6 6. Nd2 Nc6 7. Nb3 Bb6 8. c3 0-0 9. d4 exd4 10. cxd4 Re8 11. f3 a5 12. a4 Be6 13. Ne2 Bc4 14. d5 Nb4 15. Bd2 Nd3+ 16. Kf1 Nf2 17. Qc2 Bxe2+ 18. Kxe2 Nxh1 19. Rxh1 Nxd5 20. Kd1 Nf6 21. Qc4 d5 22. Qe2 Nh5 23. Qe1 dxe4 24. fxe4 Qd3 25. Nc1 Qxg3 26. Qxg3 Nxg3 27. Re1 Bf2 28. Re2 Nxe2 29. Kxe2 Bb6 30. Nd3 f5 0-1

[Event "Voronezh op-B 22nd"]
[Site "Voronezh"]
[Date "2018.06.13"]
[Round "2"]
[White "Cherniavskaya, Klara"]
[Black "Krekoten, Vladimir"]
[Result "0-1"]
[WhiteElo "1357"]
[BlackElo "1718"]
[PlyCount "55"]
[EventDate "2018.06.12"]
[EventType "swiss"]
[EventRounds "9"]
[EventCountry "RUS"]
[SourceTitle "CBM 185 Extra"]
[Source "ChessBase"]
[SourceDate "2018.07.29"]
[SourceVersion "1"]
[SourceVersionDate "2018.07.29"]
[SourceQuality "1"]

1. c4 Nf6 2. d4 e6 3. Nf3 b6 4. b3 Bb7 5. Ne5 d5 6. e3 Nbd7 7. Nxd7 Qxd7 8. Bd2 c5 9. Bc3 Ne4 10. Bb2 cxd4 11. Bxd4 Bb4+ 12. Ke2 0-0 13. Qd3 Be7 14. f3 Nf6 15. Bxf6 Bxf6 16. Nc3 Ba6 17. Kf2 Rac8 18. Rc1 Rfd8 19. a4 d4 20. Ne4 dxe3+ 21. Kxe3 Bd4+ 22. Ke2 Qc7 23. Ng5 g6 24. Rc2 Bf6 25. Qe4 Bxg5 26. h4 Bb7 27. Qe5 Qxe5+ 28. Kf2 0-1

[Event "Voronezh op-B 22nd"]
[Site "Voronezh"]
[Date "2018.06.12"]
[Round "1"]
[White "Sokolovsky, Victor"]
[Black "Cherniavskaya, Klara"]
[Result "1-0"]
[WhiteElo "1866"]
[BlackElo "1357"]
[PlyCount "37"]
[EventDate "2018.06.12"]
[EventType "swiss"]
[EventRounds "9"]
[EventCountry "RUS"]
[SourceTitle "CBM 185 Extra"]
[Source "ChessBase"]
[SourceDate "2018.07.29"]
[SourceVersion "1"]
[SourceVersionDate "2018.07.29"]
[SourceQuality "1"]

1. e4 e5 2. Nf3 Nc6 3. Bb5 d6 4. 0-0 Bd7 5. Re1 Nf6 6. d4 a6 7. Bc4 b5 8. Bd5 Nxd5 9. exd5 Ne7 10. dxe5 Bg4 11. Bf4 Bxf3 12. Qxf3 dxe5 13. Bxe5 Qxd5 14. Qxd5 Nxd5 15. Bxg7+ Be7 16. Nc3 Nxc3 17. Bxc3 Rg8 18. Bf6 Rg6 19. Bxe7 1-0

[Event "Moscow op (Women)"]
[Site "Moscow"]
[Date "2012.02.05"]
[Round "9"]
[White "Vasiukova, Renata D"]
[Black "Cherniavskaya, Klara"]
[Result "1-0"]
[WhiteElo "1598"]
[BlackElo "1610"]
[PlyCount "65"]
[EventDate "2012.01.28"]
[EventType "swiss"]
[EventRounds "9"]
[EventCountry "RUS"]
[SourceTitle "CBM 146 Extra"]
[Source "ChessBase"]
[SourceDate "2012.02.29"]
[SourceVersion "1"]
[SourceVersionDate "2012.02.29"]
[SourceQuality "1"]

1. c3 Nc6 2. d4 d5 3. Nf3 Nf6 4. Bg5 e6 5. g4 Be7 6. h3 Ne4 7. Bf4 Bd6 8. Ne5 Nxe5 9. Bxe5 f6 10. Bh2 0-0 11. Nd2 Ng5 12. Bg2 c6 13. f4 Nf7 14. Qc2 Qb6 15. 0-0-0 a5 16. e4 Qc7 17. e5 fxe5 18. fxe5 Be7 19. Nf3 Bg5+ 20. Kb1 b5 21. h4 Be7 22. g5 g6 23. h5 Nxg5 24. hxg6 Nxf3 25. gxh7+ Kh8 26. Bxf3 Rxf3 27. Rhg1 Rf5 28. Bf4 Ba6 29. Qg2 Bg5 30. Bxg5 Qxh7 31. Rh1 Rxg5+ 32. Rxh7+ Kxh7 33. Qxg5 1-0

[Event "Moscow op (Women)"]
[Site "Moscow"]
[Date "2012.01.30"]
[Round "3"]
[White "Bartsits, Sabina"]
[Black "Cherniavskaya, Klara"]
[Result "1-0"]
[WhiteElo "1946"]
[BlackElo "1610"]
[PlyCount "24"]
[EventDate "2012.01.28"]
[EventType "swiss"]
[EventRounds "9"]
[EventCountry "RUS"]
[SourceTitle "CBM 146 Extra"]
[Source "ChessBase"]
[SourceDate "2012.02.29"]
[SourceVersion "1"]
[SourceVersionDate "2012.02.29"]
[SourceQuality "1"]

1. Nf3 e6 2. b3 Nf6 3. Bb2 Be7 4. g3 b6 5. Bg2 Bb7 6. 0-0 Bxf3 7. Bxf3 Nc6 8. c4 0-0 9. e4 e5 10. Nc3 Bb4 11. Nd5 d6 12. Bg2 Bc5 1-0

[Event "Moscow op (Women)"]
[Site "Moscow"]
[Date "2012.01.29"]
[Round "2"]
[White "Cherniavskaya, Klara"]
[Black "Alieva, Alexandra"]
[Result "0-1"]
[WhiteElo "1610"]
[BlackElo "1902"]
[PlyCount "76"]
[EventDate "2012.01.28"]
[EventType "swiss"]
[EventRounds "9"]
[EventCountry "RUS"]
[SourceTitle "CBM 146 Extra"]
[Source "ChessBase"]
[SourceDate "2012.02.29"]
[SourceVersion "1"]
[SourceVersionDate "2012.02.29"]
[SourceQuality "1"]

1. e4 e5 2. Nf3 Nc6 3. Bc4 Nf6 4. Ng5 d5 5. exd5 Nd4 6. Nf3 Bg4 7. Be2 Bxf3 8. Bxf3 Nxf3+ 9. Qxf3 Qxd5 10. Qxd5 Nxd5 11. 0-0 0-0-0 12. c4 Nb4 13. Nc3 Bc5 14. a3 Nd3 15. Ne4 Bd4 16. Rb1 f5 17. Ng5 Rd7 18. Ne6 e4 19. Nxd4 Rxd4 20. b4 Rxc4 21. Rb3 Rxc1 22. Rxc1 Nxc1 23. Rc3 Ne2+ 24. Kf1 Nxc3 25. dxc3 Rd8 26. Ke2 Rd3 27. f3 Rxc3 28. fxe4 fxe4 29. a4 Kd7 30. Kd2 Ra3 31. a5 Ke6 32. h4 Ke5 33. g4 e3+ 34. Ke2 Ke4 35. g5 Ra2+ 36. Kd1 e2+ 37. Ke1 Ke3 38. h5 Ra1# 0-1

[Event "Moscow op (Women)"]
[Site "Moscow"]
[Date "2012.01.28"]
[Round "1"]
[White "Makarenko, Alexandra"]
[Black "Cherniavskaya, Klara"]
[Result "1-0"]
[WhiteElo "2078"]
[BlackElo "1610"]
[PlyCount "41"]
[EventDate "2012.01.28"]
[EventType "swiss"]
[EventRounds "9"]
[EventCountry "RUS"]
[SourceTitle "CBM 146 Extra"]
[Source "ChessBase"]
[SourceDate "2012.02.29"]
[SourceVersion "1"]
[SourceVersionDate "2012.02.29"]
[SourceQuality "1"]

1. e4 e5 2. Nf3 Nf6 3. Nxe5 d6 4. Nf3 Nxe4 5. Nc3 Nxc3 6. dxc3 Qe7+ 7. Be2 Bg4 8. Be3 Nd7 9. Qd2 Ne5 10. Nxe5 Bxe2 11. Nxf7 Qxf7 12. Qxe2 Qe6 13. Qb5+ c6 14. Qxb7 Qc8 15. Qxc8+ Rxc8 16. Bxa7 Rc7 17. Bd4 Re7+ 18. Kd2 Rg8 19. Rhe1 d5 20. Rxe7+ Bxe7 21. Be3 1-0

[Event "Moscow op-F (Women)"]
[Site "Moscow"]
[Date "2011.02.02"]
[Round "5"]
[White "Loginova, Tatiana"]
[Black "Cherniavskaya, Klara"]
[Result "1-0"]
[WhiteElo "1599"]
[BlackElo "1645"]
[PlyCount "37"]
[EventDate "2011.01.29"]
[EventType "swiss"]
[EventRounds "9"]
[EventCountry "RUS"]
[SourceTitle "CBM 140 Extra"]
[Source "ChessBase"]
[SourceDate "2011.03.01"]
[SourceVersion "1"]
[SourceVersionDate "2011.03.01"]
[SourceQuality "1"]

1. e4 c5 2. Nf3 d6 3. d4 cxd4 4. Nxd4 g6 5. Be3 Nf6 6. Nc3 Bg7 7. f3 Bd7 8. Bc4 0-0 9. Qd2 Nc6 10. 0-0-0 Nxd4 11. Bxd4 a6 12. h4 b5 13. Bb3 a5 14. Bxf6 Bxf6 15. h5 b4 16. Ne2 Rb8 17. hxg6 hxg6 18. Qh6 Re8 19. Qxg6+ 1-0

[Event "Moscow op-F (Women)"]
[Site "Moscow"]
[Date "2011.01.31"]
[Round "3"]
[White "Semenova, Anastasia"]
[Black "Cherniavskaya, Klara"]
[Result "1-0"]
[WhiteElo "1870"]
[BlackElo "1645"]
[PlyCount "47"]
[EventDate "2011.01.29"]
[EventType "swiss"]
[EventRounds "9"]
[EventCountry "RUS"]
[SourceTitle "CBM 140 Extra"]
[Source "ChessBase"]
[SourceDate "2011.03.01"]
[SourceVersion "1"]
[SourceVersionDate "2011.03.01"]
[SourceQuality "1"]

1. e4 e5 2. Nf3 Nc6 3. Bb5 Nge7 4. Nc3 a6 5. Bc4 h6 6. d4 d6 7. dxe5 dxe5 8. Qxd8+ Nxd8 9. Nxe5 Ne6 10. Be3 g6 11. Nd5 Nxd5 12. exd5 Bd6 13. dxe6 Bxe5 14. exf7+ Kf8 15. Bc5+ Kg7 16. 0-0-0 Bd6 17. Bd4+ Kh7 18. Bxh8 Kxh8 19. Rxd6 Bf5 20. Re1 Rf8 21. Re8 cxd6 22. Rxf8+ Kg7 23. Rg8+ Kf6 24. f8Q+ 1-0

[Event "Moscow op-F (Women)"]
[Site "Moscow"]
[Date "2011.01.30"]
[Round "2"]
[White "Kostitsina, Liubov"]
[Black "Cherniavskaya, Klara"]
[Result "1-0"]
[WhiteElo "1930"]
[BlackElo "1645"]
[PlyCount "73"]
[EventDate "2011.01.29"]
[EventType "swiss"]
[EventRounds "9"]
[EventCountry "RUS"]
[SourceTitle "CBM 140 Extra"]
[Source "ChessBase"]
[SourceDate "2011.03.01"]
[SourceVersion "1"]
[SourceVersionDate "2011.03.01"]
[SourceQuality "1"]

1. e4 c6 2. d4 d5 3. exd5 cxd5 4. c4 Nf6 5. Nc3 e6 6. Nf3 Bb4 7. Bd3 Qa5 8. 0-0 Bxc3 9. bxc3 Qxc3 10. Bg5 Nbd7 11. Rc1 Qa3 12. Re1 0-0 13. Re3 Qxa2 14. Ra1 Qb2 15. c5 Ng4 16. Re2 Qc3 17. Rc2 Qb3 18. Qd2 h6 19. Bh4 g5 20. Bxg5 Ndf6 21. Bxf6 Nxf6 22. Rb2 Ne4 23. Bxe4 Qxb2 24. Qxb2 dxe4 25. Ne5 f6 26. Nc4 f5 27. Ne5 Kg7 28. Qe2 a5 29. Qh5 Rf6 30. Ra3 f4 31. Ng4 Rf5 32. Qxh6+ Kf7 33. Ne5+ Ke8 34. Qg7 Ra6 35. Rh3 Rf8 36. Ng6 e5 37. Qe7# 1-0

[Event "Moscow op (Women)"]
[Site "Moscow"]
[Date "2009.02.02"]
[Round "3"]
[White "Kalmykova, Anastasia"]
[Black "Cherniavskaya, Klara"]
[Result "1-0"]
[WhiteElo "2100"]
[BlackElo "1902"]
[PlyCount "39"]
[EventDate "2009.01.31"]
[EventType "swiss"]
[EventRounds "9"]
[EventCountry "RUS"]
[SourceTitle "EXT 2012"]
[Source "ChessBase"]
[SourceDate "2011.11.24"]
[SourceVersion "1"]
[SourceVersionDate "2011.11.24"]
[SourceQuality "1"]

1. e4 c5 2. Nf3 d6 3. d4 Bg4 4. Bc4 cxd4 5. Bxf7+ Kxf7 6. Ng5+ Ke8 7. Qxg4 Nf6 8. Qe6 Qa5+ 9. Bd2 Qc5 10. Qf7+ Kd7 11. Qe6+ Ke8 12. c3 Nc6 13. 0-0 Qe5 14. Qf7+ Kd7 15. Qb3 Nd8 16. f4 Qc5 17. cxd4 Qxd4+ 18. Be3 Qxe3+ 19. Qxe3 Ng4 20. Qh3 1-0